000 00912na a2200301 4500
001 22294
003 MIRAKIL
005 20181213155308.0
008 170213b tu 000 0
020 _a9756774724
035 _a22294
040 _aMilas
_btur
_cTR-AnCHP
041 _atur
082 _a923.2 Erdoğan, R.T.
_bB74e 2003
090 _a923.2 Erdoğan,R.T. B74e 2003
100 _aBölük, Mehmet
245 _aEl Tayyip
_cMehmet Bölük
250 _agnşl. 3. bs.
260 _aİstanbul
_bToplumsal Dönüşüm Yayınları
_c2003
300 _a205 s.
_bres.
_c20 sm.
490 _aToplumsal Dönüşüm Yayınları
_v186
490 _aAraştırma-İnceleme Dizisi
_v50
600 _aErdoğan, Recep Tayyip
_d1954-
650 _aSiyasetçiler
_xYaşamöyküsü
_zTürkiye
650 _aİslam ve devlet
_zTürkiye
651 _aTürkiye
_xSiyaset ve yönetim
_y1980-
942 _2ddc
_cBKS
999 _c10140
_d10140